Statystyki dla czy znasz wszystkie postacie z domu z papieru

Kliknij tutaj aby rozwiązać quiz!

Ogólne statystyki

  • Ten quiz został rozwiązany 720 razy
  • Średni wynik to 11 z 15

Statystyki odpowiedzi

Odpowiedź% Poprawnych
1profesor
97%
2tokio
97%
3rio
93%
14berlin
92%
11helsinki
92%
6denver
91%
4nairobi
90%
12oslo
90%
5moskwa
84%
8lizbona
82%
13palermo
65%
10bogota
55%
9marsylia
46%
7sztokcholm
34%
15Julia
11%

Rozkład punktacji

Percentyl według liczby udzielonych odpowiedzi

Procent ludzi z każdym wynikiem

Twoja historia wyników

Nie rozwiązałeś tego quizu